000 00335nam a2200133Ia 4500
008 240624s9999 xx 000 0 und d
041 _aeng
082 _a954 PRA
100 _aPRADHAN R D
245 _aDRAGON S SHADOW OVER ARUNACHAL A CHALLEN
260 _c2008
_aNew Delhi
_bRupa and Company
300 _a212 : p.
365 _cRS
_b25
999 _c17575
_d17575